Bat guano ecosystems a new classification and some considerations with special references to neotropical data (Registro nro. 10016)

Detalles MARC
000 -CABECERA
Campo de control 005020000a22001570004500
090 ## - CLASIFICACIÓN LOCAL
Colección AR
Consecutivo 00928
041 0# - IDIOMA
Código de idioma para texto/pista de sonido o título separado
100 1# - ASIENTO PRINCIPAL--NOMBRE PERSONAL
Nombre personal Gnaspini, Pedro
245 10 - MENCION DE TITULO
Título Bat guano ecosystems a new classification and some considerations with special references to neotropical data
650 14 - ASIENTO SECUNDARIO DE MATERIA - TERMINO TEMATICO
Término temático o nombre geográfico como elemento de entrada Mamíferos
650 14 - ASIENTO SECUNDARIO DE MATERIA - TERMINO TEMATICO
Término temático o nombre geográfico como elemento de entrada Murciélagos
650 14 - ASIENTO SECUNDARIO DE MATERIA - TERMINO TEMATICO
Término temático o nombre geográfico como elemento de entrada Bioespeleología
650 14 - ASIENTO SECUNDARIO DE MATERIA - TERMINO TEMATICO
Término temático o nombre geográfico como elemento de entrada Cavernas
773 1# - Item fuente:
Título Mémoires de Biospéologie
Especificación de materiales 333
Paginas del Articulo 135-138
Lugar, editorial y fecha de publicación 1992
Información sobre la relación 19
942 ## - ELEMENTOS ADICIONALES (KOHA)
Tipo de ítem Artículo
Existencias
Withdrawn status Lost status Damaged status No para préstamo Colección Ubicación Permanente Ubicación actual Fecha de adquisición Fuente de Valor Datos de publicación Seriada Total Checkouts Número topográfico Inventario / Código de Barras Date last seen Ejemplar Price effective from Forma de adquisición Tipo de material
      No para Préstamo Hemeroteca Bogotá Bogotá 27/02/2015 Instituto de Ciencias Naturales Fuera de circulación   AR 00928 011224 25/03/2015 1 25/03/2015   Artículo